Welcome to CU Library Online Public Access Catalogue (OPAC)

The essence of total quality management (Record no. 4736)

MARC details
000 -LEADER
fixed length control field 00440nam a22001697a 4500
005 - DATE AND TIME OF LATEST TRANSACTION
control field 20250313100154.0
008 - FIXED-LENGTH DATA ELEMENTS--GENERAL INFORMATION
fixed length control field 250313b |||||||| |||| 00| 0 eng d
020 ## - INTERNATIONAL STANDARD BOOK NUMBER
International Standard Book Number 9780135731147
050 ## - LIBRARY OF CONGRESS CALL NUMBER
Classification number HD62
Item number .I5.B36 BAN
100 ## - MAIN ENTRY--PERSONAL NAME
Personal name Bank, John
245 ## - TITLE STATEMENT
Title The essence of total quality management
250 ## - EDITION STATEMENT
Edition statement 2nd
260 ## - PUBLICATION, DISTRIBUTION, ETC.
Place of publication, distribution, etc. London
Name of publisher, distributor, etc. Prentice-Hall
Date of publication, distribution, etc. c1992
300 ## - PHYSICAL DESCRIPTION
Extent xvii, 259p;
Other physical details ill.;
500 ## - GENERAL NOTE
General note includes index
942 ## - ADDED ENTRY ELEMENTS (KOHA)
Source of classification or shelving scheme Library of Congress Classification
Koha item type Books
Suppress in OPAC No
999 ## -
-- 4736
-- 4736
Holdings
Withdrawn status Lost status Source of classification or shelving scheme Damaged status Not for loan Collection Home library Current library Shelving location Date acquired Total checkouts Full call number Barcode Date last seen Copy number Price effective from Koha item type
    Library of Congress Classification     Non-fiction Graduate Library (Christ Temple) Graduate Library (Christ Temple) General stacks 06/03/2025   HD 62.15.B36 BAN GSCT00001473 06/03/2025 1 06/03/2025 Books
    Library of Congress Classification     Non-fiction Undergraduate Library (Christ Temple) Undergraduate Library (Christ Temple) General stacks 03/13/2025   HD62.I5.B36 BAN ulct00001682 03/13/2025 1 03/13/2025 Books
© 2023-2024 Copyright: Central University Libraries. All Rights Reserved | Created by: Mahone Tech Office